[Event "Stay Safe Play From Home 185"]
[Site "T#646428Emanuel Laske"]
[Date "2020.05.29"]
[Round "8"]
[White "Konmos"]
[Black "Broken sword"]
[Result "0-1"]
[WhiteElo "1883"]
[BlackElo "2557"]
[Annotator "TA"]
[PlyCount "68"]
[EventDate "2020.05.29"]
[EventType "swiss (blitz)"]

{[%evp 21,68,-28,4,-46,-52,-39,0,-52,-19,-31,-9,-6,0,-19,-20,-37,-37,-19,48,29,67,56,92,-23,-27,-39,-36,-156,-128,-118,-100,-149,-94,-152,-142,-133,-70,-275,-274,-267,-152,-206,-191,-293,-228,-29989,-29990,-29991,-29987]} 1. e4 c5 2. Nf3 e6 3. d4 cxd4 4. Nxd4 a6 5. Nc3 Qc7 6. Be2 d6 7. O-O Nf6 8. f4 Nbd7 9. Be3 b5 10. a3 Bb7 11. Bf3 Be7 12. Nde2 {B84: Sicilian Scheveningen: 6 Be2 a6, lines without early Be3.} Rc8 {[#]} 13. Ng3 $146 ({Predecessor:} 13. Rc1 O-O 14. Ng3 Nb6 15. Bxb6 Qxb6+ 16. Kh1 Rfd8 17. Qe1 Qc5 18. e5 Bxf3 19. Rxf3 dxe5 20. fxe5 {0-1 (29) Gil Cabrera,M-Gonzalez Rodriguez,J (1885) Las Palmas 2012}) 13... Qb8 14. f5 (14. Qd2 $11) 14... e5 15. Bg5 Qa8 16. Qe2 h6 17. Bxf6 Nxf6 18. Nh5 Nxh5 19. Bxh5 Rxc3 ({Black should try} 19... Rc4 $11) 20. bxc3 $14 Bxe4 21. Bf3 Bc6 {[#]} 22. f6 (22. a4 $1 $16 {[%mdl 512]}) 22... Bxf6 $11 {Threatening ...e4.} 23. Bxc6+ Qxc6 24. Qg4 (24. a4 $1 $15) 24... h5 25. Qf5 h4 26. Rad1 h3 $40 {[%mdl 128] Black is out for blood.} ({Don't play} 26... Qxc3 27. Qe4 $15) (26... Ke7 $142 27. Rd3 Qc5+ 28. Kh1 Rd8) 27. Rd2 (27. Qf3 $142 e4 28. Qf5) 27... Qxc3 28. Rfd1 hxg2 ({Don't go for} 28... Qxa3 $2 29. Qc8+ Bd8 30. Qc6+ (30. Rd3 O-O $17) 30... Ke7 31. Rxd6 $18) (28... Qc5+ $17 29. Qf2 Qxf2+ 30. Kxf2 Be7) 29. Kxg2 $2 {White does not recover from this.} (29. Rxd6 $15 Qe3+ 30. Qf2 Qxf2+ 31. Kxf2) 29... Qc6+ $19 30. Kg1 Qc5+ (30... Rh6 $19 {White must now prevent ...Rg6+.} 31. Rg2 Bd8) 31. Kg2 (31. Kh1 $17) 31... Be7 32. Qg4 (32. Qf3 $142 O-O 33. Rf2) 32... g6 33. Qf4 $2 (33. Qf3 $19 Qc8 34. Rg1) 33... exf4 34. Re2 Kf8 {[%mdl 64] Decoy. Accuracy: White = 37%, Black = 48%.} 0-1

[Event "Stay Safe Play From Home 185"]
[Site "T#646428Emanuel Laske"]
[Date "2020.05.29"]
[Round "8"]
[White "Grizzzly"]
[Black "W Nelles"]
[Result "1-0"]
[WhiteElo "1718"]
[BlackElo "1093"]
[Annotator "NA RC"]
[PlyCount "49"]
[EventDate "2020.05.29"]
[EventType "swiss (blitz)"]

1. e3 {[%emt 0:00:02]} e5 {[%emt 0:00:02]} 2. b3 {[%emt 0:00:01]} Nf6 {[%emt 0:00:01]} 3. Bb2 {[%emt 0:00:01]} d6 {[%emt 0:00:01]} 4. c4 {[%emt 0:00:00]} Be6 {[%emt 0:00:01]} 5. d3 {[%emt 0:00:00]} Nbd7 {[%emt 0:00:02]} 6. Nf3 {[%emt 0:00:00]} Nc5 {[%emt 0:00:01]} 7. Be2 {[%emt 0:00:01]} Qd7 {[%emt 0:00:02]} 8. O-O {[%emt 0:00:01]} O-O-O {[%emt 0:00:01]} 9. d4 {[%emt 0:00:01]} Nce4 {[%emt 0:00:03]} 10. dxe5 {[%emt 0:00:02]} dxe5 {[%emt 0:00:01]} 11. Qxd7+ {[%emt 0:00:02]} Rxd7 {[%emt 0:00:02]} 12. Nxe5 {[%emt 0:00:01]} Bd6 {[%emt 0:00:01]} 13. Nxd7 {[%emt 0:00:02]} Nxd7 {[%emt 0:00:02]} 14. Nc3 {[%emt 0:00:01]} Nd2 {[%emt 0:00:02]} 15. Rfd1 {[%emt 0:00:02]} Ne5 {[%emt 0:00:08]} 16. Rxd2 {[%emt 0:00:02]} Rd8 {[%emt 0:00:01]} 17. Rad1 {[%emt 0:00:01]} Ng4 {[%emt 0:00:01]} 18. Bxg4 {[%emt 0:00:04]} Bxg4 {[%emt 0:00:02]} 19. f3 {[%emt 0:00:01]} Bxh2+ {[%emt 0:00:03]} 20. Kxh2 {[%emt 0:00:02]} Rxd2 {[%emt 0:00:01]} 21. Rxd2 {[%emt 0:00:01]} Bd7 {[%emt 0:00:01]} 22. Nd5 {[%emt 0:00:01]} c6 {[%emt 0:00:01]} 23. Nf4 {[%emt 0:00:02]} Kc7 {[%emt 0:00:01]} 24. Bxg7 {[%emt 0:00:01]} f5 {[%emt 0:00:02]} 25. Be5+ {[%emt 0:00:00] W Nelles gibt auf (Lag: Av=0.47s, max=1.0s)} 1-0

[Event "Stay Safe Play From Home 185"]
[Site "T#646428Emanuel Laske"]
[Date "2020.05.29"]
[Round "8"]
[White "Trotsky"]
[Black "Mepe_Nika"]
[Result "0-1"]
[WhiteElo "1557"]
[BlackElo "2282"]
[Annotator "TA"]
[PlyCount "58"]
[EventDate "2020.05.29"]
[EventType "swiss (blitz)"]

{[%evp 15,58,-12,-12,-61,-35,-43,-27,-248,-235,-242,-253,-273,-258,-306,-290,-289,-279,-507,-322,-499,-304,-1060,-1075,-1496,-1530,-1360,-755,-1884,-1823,-1578,-1354,-29987,-29975,-29975,-29976,-29975,-29976,-29976,-29977,-29982,-29978,-29983,-29979,-29979,-29980]} 1. d4 c5 2. e3 g6 3. c4 Bg7 4. Nc3 Nf6 5. Nf3 O-O 6. Bd3 cxd4 7. exd4 d5 8. Be3 Nc6 9. a3 {B14: Caro-Kann: Panov-Botvinnik Attack with 5...e6 and 5...g6.} dxc4 10. Bxc4 Bg4 {[#]} 11. Qc2 $146 (11. O-O $11 {and White stays safe.}) ({Predecessor:} 11. d5 Ne5 12. Be2 Bxf3 13. Bxf3 Qd7 14. Qe2 Rfd8 15. Rd1 b6 16. O-O Rac8 17. Rc1 Nxf3+ 18. Qxf3 {½-½ (42) Kuiper,M (1263)-Zwetsloot,P (1806) Leiden 2011}) 11... Bxf3 $1 $19 12. gxf3 Nxd4 13. Bxd4 Qxd4 14. Bd3 Rfd8 15. O-O-O Rac8 {[%cal Ba8c8,Bc8c2,Bc2b2][%mdl 32] Strongly threatening ...Nd5.} 16. Kb1 $2 (16. Be4 {was called for.} Qb6 17. Rxd8+ Rxd8 18. Kb1) 16... Qb6 17. h4 (17. Be2 $142) 17... Nd5 18. Na4 $2 (18. Nxd5 Rxc2 19. Nxb6 Rxb2+ {[%mdl 64] Double Attack} 20. Kc1 Rxb6 21. Kd2) 18... Rxc2 19. Nxb6 Rxb2+ {[%mdl 64] Double Attack} 20. Kc1 Nxb6 21. Bc2 {[#]} Rc8 $1 {[%csl Gb2][%cal Rc8c2]} 22. Rd2 {[#]} Nc4 $1 23. Rhd1 Nxd2 {Black mates.} 24. Rxd2 {[#]} Rcxc2+ $1 25. Rxc2 Rxc2+ 26. Kxc2 {KB-KP} Bf6 27. Kd3 Bxh4 28. Ke4 Bxf2 29. f4 h5 {Black took control after the opening. Accuracy: White = 15%, Black = 41%.} 0-1

[Event "Stay Safe Play From Home 185"]
[Site "T#646428Emanuel Laske"]
[Date "2020.05.29"]
[Round "8"]
[White "matematyk3"]
[Black "Raja3652016"]
[Result "1-0"]
[WhiteElo "1322"]
[BlackElo "1605"]
[Annotator "NA RC"]
[PlyCount "91"]
[EventDate "2020.05.29"]
[EventType "swiss (blitz)"]

1. d4 {[%emt 0:00:01]} d5 {[%emt 0:00:21]} 2. c4 {[%emt 0:00:00]} e6 {[%emt 0:00:03]} 3. Nf3 {[%emt 0:00:00]} Nf6 {[%emt 0:00:02]} 4. e3 {[%emt 0:00:00]} Be7 {[%emt 0:00:01]} 5. cxd5 {[%emt 0:00:02]} O-O {[%emt 0:00:00]} 6. Nc3 {[%emt 0:00:01]} exd5 {[%emt 0:00:01]} 7. Bd3 {[%emt 0:00:03]} c6 {[%emt 0:00:00]} 8. O-O {[%emt 0:00:02]} Bg4 {[%emt 0:00:00]} 9. h3 {[%emt 0:00:03]} Bxf3 {[%emt 0:00:00]} 10. Qxf3 {[%emt 0:00:01]} Nbd7 {[%emt 0:00:01]} 11. e4 {[%emt 0:00:01]} Re8 {[%emt 0:00:00]} 12. exd5 {[%emt 0:00:02]} Nxd5 {[%emt 0:00:01]} 13. Nxd5 {[%emt 0:00:03]} cxd5 {[%emt 0:00:01]} 14. Qxd5 {[%emt 0:00:01]} Nf6 {[%emt 0:00:00]} 15. Qf5 {[%emt 0:00:02]} Qxd4 {[%emt 0:00:02]} 16. Rd1 {[%emt 0:00:04]} Rad8 {[%emt 0:00:01]} 17. Be3 {[%emt 0:00:06]} Qd7 {[%emt 0:00:02]} 18. Bg5 {[%emt 0:00:04]} Qxf5 {[%emt 0:00:03]} 19. Bxf5 {[%emt 0:00:02]} Rxd1+ {[%emt 0:00:01]} 20. Rxd1 {[%emt 0:00:01]} h6 {[%emt 0:00:01]} 21. Bxf6 {[%emt 0:00:02]} Bxf6 {[%emt 0:00:01]} 22. Bd7 {[%emt 0:00:02]} Rd8 {[%emt 0:00:01]} 23. Bg4 {[%emt 0:00:00]} Rxd1+ {[%emt 0:00:02]} 24. Bxd1 {[%emt 0:00:00]} Bxb2 {[%emt 0:00:01] matematyk3 reconnected.} 25. f4 {[%emt 0:00:00]} Ba3 {[%emt 0:00:00] matematyk3 reconnected.} 26. Bb3 {[%emt 0:00:02]} Kh7 {[%emt 0:00:06]} 27. Kf1 {[%emt 0:00:02]} b5 {[%emt 0:00:02]} 28. Ke2 {[%emt 0:00:02]} b4 {[%emt 0:00:01]} 29. Kd3 {[%emt 0:00:02]} f6 {[%emt 0:00:00]} 30. Kc4 {[%emt 0:00:02]} a5 {[%emt 0:00:00]} 31. Ba4 {[%emt 0:00:02]} g5 {[%emt 0:00:01]} 32. fxg5 {[%emt 0:00:02]} fxg5 {[%emt 0:00:01]} 33. g4 {[%emt 0:00:00]} Kg7 {[%emt 0:00:01]} 34. Bd7 {[%emt 0:00:01]} Kf6 {[%emt 0:00:01]} 35. Bf5 {[%emt 0:00:01]} Ke5 {[%emt 0:00:00]} 36. Kb5 {[%emt 0:00:03]} Kf4 {[%emt 0:00:00]} 37. Kxa5 {[%emt 0:00:02]} Kg3 {[%emt 0:00:00]} 38. Kb5 {[%emt 0:00:02]} Kh2 {[%emt 0:00:00]} 39. Kc4 {[%emt 0:00:03]} Kxh3 {[%emt 0:00:00]} 40. Kd5 {[%emt 0:00:02]} Kg3 {[%emt 0:00:00]} 41. Ke6 {[%emt 0:00:02]} Kg2 {[%emt 0:00:00]} 42. Kf6 {[%emt 0:00:01]} Kf2 {[%emt 0:00:00]} 43. Kg6 {[%emt 0:00:01]} Ke3 {[%emt 0:00:00]} 44. Kxh6 {[%emt 0:00:01]} Kf4 {[%emt 0:00:00]} 45. Kg6 {[%emt 0:00:01]} Bb2 {[%emt 0:00:00]} 46. Kh5 {[%emt 0:00:03] (Lag: Av=0.51s, max=1.1s)} 1-0

[Event "Stay Safe Play From Home 185"]
[Site "T#646428Emanuel Laske"]
[Date "2020.05.29"]
[Round "9"]
[White "Rogan"]
[Black "Little champs"]
[Result "1-0"]
[WhiteElo "2275"]
[BlackElo "2098"]
[Annotator "TA"]
[PlyCount "63"]
[EventDate "2020.05.29"]
[EventType "swiss (blitz)"]

{[%evp 9,62,14,16,20,18,-28,-7,-18,-6,-32,17,17,17,20,22,22,85,82,77,77,82,84,90,36,116,100,260,256,277,250,309,120,194,189,205,187,176,170,231,232,236,245,1537,1581,29978,29979,29979,29980,29979,1994,29988,29988,29988,29989,29999]} 1. d4 d5 2. c3 c6 3. Nf3 Nf6 4. Bg5 g6 5. e3 Bg7 6. Bd3 {D02: 1 d4 d5 2 Nf3 sidelines, including 2...Nf6 3 g3 and 2...Nf6 3 Bf4.} O-O 7. h4 Bg4 8. Nbd2 {The position is equal.} Nbd7 9. Qc2 {[#]} Qc7 $146 ({Predecessor:} 9... Nh5 10. Nh2 Ndf6 11. Ndf3 Bxf3 12. Nxf3 Ng4 13. Nh2 Nxh2 14. Rxh2 Qd6 15. Rh3 f5 {0-1 (27) Castro Loppi,N (1868)-Planas Gene,J (2032) Palma de Mallorca 2020}) 10. Bf4 Qb6 11. Ne5 Nxe5 12. Bxe5 Nd7 (12... c5 $11 {remains equal.}) 13. Bxg7 $16 Kxg7 14. f3 $36 {[%mdl 2048] White is on the roll.} Be6 15. h5 Nf6 16. hxg6 (16. g4 $16) 16... fxg6 ({Black should play} 16... hxg6 $14 17. Nb3 Nd7) 17. O-O-O Kf7 $2 (17... c5 $16 {was called for.}) 18. e4 $18 dxe4 19. Nxe4 {[#] Black must now prevent Ng5+.} ({Weaker is} 19. fxe4 Kg7 $16) 19... Nxe4 20. fxe4 $2 ({Don't do} 20. Bxe4 Kg7 $18) (20. Rxh7+ $18 Ke8 21. Bxe4) 20... h5 (20... Kg8 $16 {was necessary.}) 21. e5 Ke8 22. Bxg6+ Kd7 23. Rxh5 Rad8 (23... Bxa2 $142 24. Re1 Be6) 24. Bf5 Bxf5 25. Rxf5 Qb5 $2 {[#]} (25... Qa6 26. a3 Qc4) 26. e6+ $1 {[%mdl 64] Discovered Attack} Kxe6 27. Rxb5 cxb5 28. Qe4+ {[%mdl 64] Double Attack} Kd6 29. Re1 (29. Qxb7 $142 Rf6 30. Qxa7 Rc8 31. Qb6+ Kd7 32. Qxb5+ Kd8 33. Rh1 Rd6 34. Rh7) 29... Rf7 30. Qxb7 {White mates.} Rd7 31. Qxb5 {[%csl Gd4][%cal Rb5c5]} e6 32. Qc5# {Accuracy: White = 68%, Black = 33%.} 1-0

[Event "Stay Safe Play From Home 185"]
[Site "T#646428Emanuel Laske"]
[Date "2020.05.29"]
[Round "9"]
[White "Weltszmerc"]
[Black "Trotsky"]
[Result "1-0"]
[WhiteElo "2066"]
[BlackElo "1557"]
[Annotator "TA"]
[PlyCount "53"]
[EventDate "2020.05.29"]
[EventType "swiss (blitz)"]

{[%evp 10,53,28,31,31,30,102,73,62,45,113,106,181,190,188,189,460,338,625,621,941,933,1178,1202,2656,2538,2519,2301,29987,29988,29988,2533,2503,2493,2489,2256,29988,29989,29986,29987,29993,29994,29995,29995,29995,29990]} 1. d4 d5 2. c4 e6 3. Nf3 c5 4. g3 Nc6 5. cxd5 exd5 6. Bg2 Be6 {D30: Queen's Gambit Declined: Systems without Nc3.} 7. O-O {[#]} Qc7 $146 (7... Nf6 $11 {keeps the balance.}) ({Predecessor:} 7... h6 8. Nc3 Nf6 9. b3 Be7 10. Bb2 O-O 11. dxc5 Bxc5 12. Rc1 Qe7 13. Nb5 Ne4 14. Nbd4 Rac8 15. Nxe6 fxe6 16. e3 Ba3 17. Qe2 Bxb2 18. Qxb2 e5 19. a3 Nc5 {½-½ (35) Kakageldyev,A (2449)-Guliev,S (2490) Al Ain 2008}) 8. dxc5 Bxc5 {White is better.} 9. a3 Bd6 {[#] White stays focused until the end.} ({Better is} 9... Nf6 $14) 10. Nc3 $1 $16 a6 (10... Nf6 $16) 11. Nxd5 $18 Bxd5 12. Qxd5 O-O-O $2 (12... Nf6 {keeps fighting.} 13. Qb3 O-O) 13. b4 Bxg3 $2 (13... Be5 14. Qc4 Bxa1) 14. Qf5+ Rd7 15. hxg3 h5 16. Bf4 Qb6 17. Rfd1 {[%csl Gd1][%cal Rf5d7]} Qd8 {[#]} 18. Bh3 $1 {[%cal Rd1d7]} Nh6 19. Qxd7+ Qxd7 20. Rxd7 (20. Bxd7+ $142 Kd8 21. Bxc6+ Ke7 22. Rd7+ Kf6 23. Bxb7 Re8 24. Bxa6 Nf5 25. Bc4) 20... f5 21. Rc7+ Kd8 22. Rxg7 Ng4 23. Rd1+ {White mates.} Ke8 24. Rxb7 Ne7 25. Bxg4 hxg4 26. Rdd7 Rh7 27. Bg5 {Accuracy: White = 71%, Black = 10%.} 1-0

[Event "Stay Safe Play From Home 185"]
[Site "T#646428Emanuel Laske"]
[Date "2020.05.29"]
[Round "9"]
[White "SoulofWolf"]
[Black "matematyk3"]
[Result "1-0"]
[WhiteElo "2050"]
[BlackElo "1351"]
[Annotator "TA"]
[PlyCount "105"]
[EventDate "2020.05.29"]
[EventType "swiss (blitz)"]

{[%evp 11,105,0,9,0,32,23,46,-143,33,13,32,2,10,9,68,56,47,43,61,-5,-5,-56,-48,-39,6,0,3,-41,54,-14,253,178,208,-470,627,622,683,572,706,714,802,794,788,783,773,755,1170,1170,1120,1120,1021,461,432,161,148,94,129,19,19,16,18,-4,0,0,34,0,0,0,0,0,0,0,0,0,8,0,4779,4770,29971,29972,29979,29974,29972,29972,29979,29980,29980,29981,29981,29982,29981,8,29986,29983,29983,29984]} 1. e4 c5 2. Nc3 Nc6 3. f4 d6 4. g3 Nf6 5. Bg2 e6 6. Nf3 Be7 7. O-O {B23: Closed Sicilian: Lines without g3.} Nd7 8. d4 cxd4 {[#]} 9. Nb5 $146 (9. Nxd4 $14 {keeps the upper hand.} Nxd4 10. Qxd4) ({Predecessor:} 9. Nxd4 Qb6 10. Nce2 e5 11. fxe5 dxe5 12. Be3 exd4 13. Nxd4 Nxd4 14. Bxd4 Bc5 15. Bxc5 Qxc5+ {0-1 (36) Szpalek,M-Lipus,D (1558) Karvina 2014}) 9... a6 $2 (9... e5 $17 10. a4 O-O) 10. Nbxd4 $14 Nxd4 11. Qxd4 (11. Nxd4 {is interesting.} O-O 12. c3 Nf6 13. e5 Nd5 14. Qh5) 11... e5 12. fxe5 Nxe5 (12... dxe5 $11 13. Qc3 Bc5+ 14. Kh1 Qe7) 13. Nxe5 dxe5 14. Qxe5 O-O 15. Bf4 (15. Be3 $14) 15... Bf6 $11 16. Qh5 (16. Qd6 $11) 16... Bxb2 $15 17. Rad1 Qf6 18. e5 $40 {[%mdl 128] White has some attack.} Qg6 19. Qe2 Bf5 (19... Bg4 $15 20. Bf3 Bxf3 21. Rxf3 Rad8) 20. h3 ({White should play} 20. Rd6 $14 Bg4 21. Qf2) 20... Bxc2 $2 {[%mdl 8192]} (20... Ba3 $11) 21. Rd2 Rac8 22. Be4 $4 {[%mdl 8192]} ({Don't take} 22. Rf2 $6 Rfd8 $16) (22. Rd6 $18 f6 23. Bxb7) 22... f5 $4 {[%mdl 8192]} ({Less strong is} 22... Qxe4 23. Qxe4 Bxe4 24. Rxb2 $17) (22... Bxe4 $19 23. Rxb2 Bd3 {[%mdl 64] Skewer}) 23. Bxc2 $18 Bc3 24. Rdd1 Qb6+ 25. Kh2 Qb2 26. Bb3+ Kh8 27. Rf2 Qxe2 28. Rxe2 Ba5 29. e6 Rfe8 30. e7 Bb4 31. Rd4 (31. Rd7 $142) 31... Bxe7 32. Rxe7 $2 (32. Rd7 Bf6 33. Rxe8+ Rxe8 34. Rxb7) 32... Rxe7 33. Rd2 (33. h4 $142) 33... Rce8 34. h4 (34. Rd6 $16) 34... Re2+ $11 35. Rxe2 Rxe2+ 36. Kh3 h6 37. h5 Re7 38. g4 fxg4+ 39. Kxg4 b5 40. Bd6 Re4+ 41. Kf3 Rh4 42. Bf7 Rh3+ 43. Bg3 {[#] Hoping for Kg2.} Kh7 $2 {[%mdl 8192]} (43... Rh1 $11) 44. Kg2 $18 Rxg3+ 45. Kxg3 g6 46. Bxg6+ {[%mdl 4096] Endgame KB-K3P} Kg7 47. Kf4 a5 48. Ke4 b4 49. Kd4 a4 50. Kc4 b3 51. axb3 $2 (51. a3 {mates} Kf6 52. Kb4 Kg5 53. Kxa4 Kf4 54. Kxb3 Ke5 55. Kc4 Ke6 56. a4) 51... a3 $2 {[%mdl 8192] [#]} (51... axb3 $11 52. Kxb3 Kh8) 52. Kc3 a2 53. Kb2 {Accuracy: White = 44%, Black = 45%.} 1-0

[Event "Stay Safe Play From Home 185"]
[Site "T#646428Emanuel Laske"]
[Date "2020.05.29"]
[Round "9"]
[White "Fischer_11"]
[Black "Broken sword"]
[Result "1-0"]
[WhiteElo "2003"]
[BlackElo "2557"]
[Annotator "NA RC"]
[PlyCount "135"]
[EventDate "2020.05.29"]
[EventType "swiss (blitz)"]

1. e4 {[%emt 0:00:01]} c5 {[%emt 0:00:01]} 2. c3 {[%emt 0:00:01]} e6 {[%emt 0:00:00]} 3. d4 {[%emt 0:00:01]} cxd4 {[%emt 0:00:00]} 4. cxd4 {[%emt 0:00:00]} d5 {[%emt 0:00:00]} 5. exd5 {[%emt 0:00:00]} exd5 {[%emt 0:00:00]} 6. Nc3 {[%emt 0:00:01]} Nf6 {[%emt 0:00:00]} 7. Nf3 {[%emt 0:00:00]} Be7 {[%emt 0:00:00]} 8. h3 {[%emt 0:00:00]} Bf5 {[%emt 0:00:01]} 9. Bd3 {[%emt 0:00:00]} Bg6 {[%emt 0:00:01]} 10. O-O {[%emt 0:00:01]} O-O {[%emt 0:00:00]} 11. Bg5 {[%emt 0:00:00]} Nc6 {[%emt 0:00:01]} 12. Re1 {[%emt 0:00:00]} Re8 {[%emt 0:00:01]} 13. a3 {[%emt 0:00:01]} Qd7 {[%emt 0:00:01]} 14. Rc1 {[%emt 0:00:00]} Ne4 {[%emt 0:00:01]} 15. Bxe7 {[%emt 0:00:03]} Rxe7 {[%emt 0:00:01]} 16. Bb5 {[%emt 0:00:03]} Nxc3 {[%emt 0:00:03]} 17. Rxc3 {[%emt 0:00:03]} Rxe1+ {[%emt 0:00:01]} 18. Qxe1 {[%emt 0:00:01]} Qd6 {[%emt 0:00:01]} 19. Bxc6 {[%emt 0:00:01]} bxc6 {[%emt 0:00:00]} 20. Ne5 {[%emt 0:00:01]} Rc8 {[%emt 0:00:00]} 21. Qc1 {[%emt 0:00:02]} f6 {[%emt 0:00:02]} 22. Rxc6 {[%emt 0:00:03]} Rxc6 {[%emt 0:00:05]} 23. Qxc6 {[%emt 0:00:00]} Qd8 {[%emt 0:00:06]} 24. Qd7 {[%emt 0:00:03]} Qxd7 {[%emt 0:00:04]} 25. Nxd7 {[%emt 0:00:00]} Kf7 {[%emt 0:00:01]} 26. Nc5 {[%emt 0:00:03]} Ke7 {[%emt 0:00:01]} 27. f3 {[%emt 0:00:01]} Kd6 {[%emt 0:00:00]} 28. Kf2 {[%emt 0:00:01]} Be8 {[%emt 0:00:00]} 29. Ke3 {[%emt 0:00:01]} Bb5 {[%emt 0:00:00]} 30. a4 {[%emt 0:00:02]} Bf1 {[%emt 0:00:01]} 31. b4 {[%emt 0:00:01]} Bxg2 {[%emt 0:00:01]} 32. h4 {[%emt 0:00:02] Fischer_11 bietet Remis} g5 {[%emt 0:00:03]} 33. hxg5 {[%emt 0:00:02]} fxg5 {[%emt 0:00:00]} 34. b5 {[%emt 0:00:03]} Bf1 {[%emt 0:00:01]} 35. Nd3 {[%emt 0:00:03]} Bxd3 {[%emt 0:00:01]} 36. Kxd3 {[%emt 0:00:01]} h5 {[%emt 0:00:00]} 37. a5 {[%emt 0:00:01]} Kc7 {[%emt 0:00:01]} 38. Ke3 {[%emt 0:00:02]} Kd6 {[%emt 0:00:00]} 39. Kf2 {[%emt 0:00:01]} Ke6 {[%emt 0:00:01]} 40. Kg3 {[%emt 0:00:00]} Kd7 {[%emt 0:00:01]} 41. Kh3 {[%emt 0:00:01]} Kd6 {[%emt 0:00:00]} 42. Kg3 {[%emt 0:00:00]} Kc7 {[%emt 0:00:00]} 43. Kh3 {[%emt 0:00:00]} Kb7 {[%emt 0:00:00]} 44. Kg3 {[%emt 0:00:00]} Kb8 {[%emt 0:00:00]} 45. Kh3 {[%emt 0:00:00]} Ka8 {[%emt 0:00:00]} 46. Kg3 {[%emt 0:00:00]} a6 {[%emt 0:00:00]} 47. b6 {[%emt 0:00:01]} Kb8 {[%emt 0:00:00]} 48. Kh3 {[%emt 0:00:00]} Kc8 {[%emt 0:00:00]} 49. Kg3 {[%emt 0:00:00]} Kb7 {[%emt 0:00:00]} 50. Kh3 {[%emt 0:00:00]} Kc6 {[%emt 0:00:00]} 51. Kg3 {[%emt 0:00:00]} Kd6 {[%emt 0:00:02]} 52. f4 {[%emt 0:00:00]} Kd7 {[%emt 0:00:00]} 53. fxg5 {[%emt 0:00:01]} h4+ {[%emt 0:00:00]} 54. Kxh4 {[%emt 0:00:00]} Kc6 {[%emt 0:00:01]} 55. Kg4 {[%emt 0:00:00]} Kb7 {[%emt 0:00:00]} 56. g6 {[%emt 0:00:00]} Kc6 {[%emt 0:00:00]} 57. g7 {[%emt 0:00:00]} Kb5 {[%emt 0:00:00]} 58. g8=Q {[%emt 0:00:00]} Kxa5 {[%emt 0:00:00]} 59. Qxd5+ {[%emt 0:00:00]} Kxb6 {[%emt 0:00:00]} 60. Qc5+ {[%emt 0:00:00]} Kb7 {[%emt 0:00:01]} 61. d5 {[%emt 0:00:00]} a5 {[%emt 0:00:00]} 62. d6 {[%emt 0:00:00]} a4 {[%emt 0:00:00]} 63. d7 {[%emt 0:00:00]} a3 {[%emt 0:00:00]} 64. d8=Q {[%emt 0:00:00]} a2 {[%emt 0:00:00]} 65. Qd7+ {[%emt 0:00:00]} Ka6 {[%emt 0:00:00]} 66. Qdd6+ {[%emt 0:00:00]} Kb7 {[%emt 0:00:00]} 67. Qcc7+ {[%emt 0:00:00]} Ka8 {[%emt 0:00:00]} 68. Qdd8# {[%emt 0:00:00] (Lag: Av=0.49s, max=1.1s)} 1-0

[Event "Stay Safe Play From Home 185"]
[Site "T#646428Emanuel Laske"]
[Date "2020.05.29"]
[Round "9"]
[White "Konmos"]
[Black "Grizzzly"]
[Result "0-1"]
[WhiteElo "1883"]
[BlackElo "1718"]
[Annotator "NA RC"]
[PlyCount "66"]
[EventDate "2020.05.29"]
[EventType "swiss (blitz)"]

1. e4 {[%emt 0:00:01]} e6 {[%emt 0:00:00]} 2. d4 {[%emt 0:00:01]} d5 {[%emt 0:00:00]} 3. exd5 {[%emt 0:00:00]} exd5 {[%emt 0:00:01]} 4. c4 {[%emt 0:00:00]} c6 {[%emt 0:00:00]} 5. cxd5 {[%emt 0:00:01]} c5 {[%emt 0:00:01]} 6. dxc5 {[%emt 0:00:01]} Bxc5 {[%emt 0:00:02]} 7. Bb5+ {[%emt 0:00:00]} Bd7 {[%emt 0:00:01]} 8. Qe2+ {[%emt 0:00:01]} Ne7 {[%emt 0:00:02]} 9. Nc3 {[%emt 0:00:01]} O-O {[%emt 0:00:05]} 10. Bg5 {[%emt 0:00:01]} Bxb5 {[%emt 0:00:04]} 11. Qxb5 {[%emt 0:00:03]} Re8 {[%emt 0:00:10]} 12. Qxc5 {[%emt 0:00:04]} Nf5+ {[%emt 0:00:02]} 13. Kf1 {[%emt 0:00:03]} Qxg5 {[%emt 0:00:02]} 14. Nf3 {[%emt 0:00:01]} Qf6 {[%emt 0:00:03]} 15. Qc7 {[%emt 0:00:03]} Nd7 {[%emt 0:00:03]} 16. Qxd7 {[%emt 0:00:02]} Rad8 {[%emt 0:00:04]} 17. Qxb7 {[%emt 0:00:01]} Nd4 {[%emt 0:00:03]} 18. Nxd4 {[%emt 0:00:02]} Qxd4 {[%emt 0:00:00]} 19. h3 {[%emt 0:00:02]} Qd3+ {[%emt 0:00:01]} 20. Kg1 {[%emt 0:00:00]} Qc2 {[%emt 0:00:01]} 21. Rd1 {[%emt 0:00:03]} Rb8 {[%emt 0:00:01]} 22. Qd7 {[%emt 0:00:01]} Red8 {[%emt 0:00:03]} 23. Qf5 {[%emt 0:00:02]} Qxf5 {[%emt 0:00:02]} 24. Kh2 {[%emt 0:00:02]} h6 {[%emt 0:00:00]} 25. g4 {[%emt 0:00:01]} Qe5+ {[%emt 0:00:00]} 26. f4 {[%emt 0:00:01]} Rxb2+ {[%emt 0:00:01]} 27. Rd2 {[%emt 0:00:01]} Qe4 {[%emt 0:00:01]} 28. Kg3 {[%emt 0:00:00]} Rxd2 {[%emt 0:00:01]} 29. Re1 {[%emt 0:00:00]} Qd4 {[%emt 0:00:01]} 30. Ne2 {[%emt 0:00:02]} Rd3+ {[%emt 0:00:00]} 31. Kh4 {[%emt 0:00:01]} Qf2+ {[%emt 0:00:01]} 32. Kh5 {[%emt 0:00:02]} g6+ {[%emt 0:00:01]} 33. Kxh6 {[%emt 0:00:01]} Qh4# {[%emt 0:00:00] (Lag: Av=0.33s, max=0.5s)} 0-1

[Event "Stay Safe Play From Home 185"]
[Site "T#646428Emanuel Laske"]
[Date "2020.05.29"]
[Round "9"]
[White "Raja3652016"]
[Black "Mepe_Nika"]
[Result "0-1"]
[WhiteElo "1577"]
[BlackElo "2283"]
[Annotator "NA RC"]
[PlyCount "32"]
[EventDate "2020.05.29"]
[EventType "swiss (blitz)"]

1. e4 {[%emt 0:00:02]} d5 {[%emt 0:00:01]} 2. exd5 {[%emt 0:00:01]} c6 {[%emt 0:00:00]} 3. Nc3 {[%emt 0:00:01]} Nf6 {[%emt 0:00:01]} 4. dxc6 {[%emt 0:00:02]} e5 {[%emt 0:00:01]} 5. Nf3 {[%emt 0:00:01]} e4 {[%emt 0:00:01]} 6. cxb7 {[%emt 0:00:01]} Bxb7 {[%emt 0:00:01]} 7. Ng1 {[%emt 0:00:03]} Bc5 {[%emt 0:00:01]} 8. d3 {[%emt 0:00:02]} h5 {[%emt 0:00:05]} 9. Nxe4 {[%emt 0:00:02]} Nxe4 {[%emt 0:00:02]} 10. dxe4 {[%emt 0:00:01]} Bxf2+ {[%emt 0:00:01]} 11. Ke2 {[%emt 0:00:03]} Ba6+ {[%emt 0:00:00]} 12. Kxf2 {[%emt 0:00:03]} Qxd1 {[%emt 0:00:01]} 13. Bxa6 {[%emt 0:00:02]} Nxa6 {[%emt 0:00:01]} 14. Nf3 {[%emt 0:00:01]} Qxh1 {[%emt 0:00:02]} 15. b3 {[%emt 0:00:02]} Rc8 {[%emt 0:00:01]} 16. Ba3 {[%emt 0:00:02]} Rxc2+ {[%emt 0:00:02] Raja3652016 resigns (Lag: Av=0.46s, max=0.5s)} 0-1